| 000 | 00000nam##2200000za#4500 |
| 001 | 9.700507 |
| 003 | CaOODSP |
| 005 | 20210625000850 |
| 007 | cr ||||||||||| |
| 008 | 150407|1995||||xxc|||||o f|0| 0 eng|d |
| 040 | |aCaOODSP|beng |
| 043 | |an-cn--- |
| 086 | 1 |aM22-119/1995E-PDF |
| 110 | 1 |aCanada.|bNatural Resources Canada. |bMining Sector. |
| 245 | 14|aThe federal government's response to the fifth report of the Standing Committee on Natural Resources: Lifting Canadian mining off the rocks : |h[electronic resource]|btabled in the House of Commons by the Honourable A. Anne McLellan, Minister of Natural Resources, May 8, 1995 |
| 260 | |aOttawa - Ontario : |bNatural Resources Canada. |c1995. |
| 300 | |a14p. |
| 590 | |a15-05-Supp|b2015-03-31 |
| 690 | 07|aMining industry|2gcpds |
| 775 | 08|tRéponse du gouvernement fédéral au cinquième rapport du Comité permanent des ressources naturelles intitulé: Sortir l'industrie minière canadienne du trou : |w(CaOODSP)9.644391 |
| 776 | 0#|tThe federal government's response to the fifth report of the Standing Committee on Natural Resources; Lifting Canadian mining off the rocks : |w(CaOODSP)9.657641 |
| 776 | 0#|tRéponse du gouvernement fédéral au cinquième rapport du Comité permanent des ressources naturelles intitulé: Sortir l'industrie minière canadienne du trou : |w(CaOODSP)9.657642 |
| 856 | 40|ahttp://publications.gc.ca|qPDF|s66 KB|uhttps://publications.gc.ca/collections/collection_2015/rncan-nrcan/M22-119-1995-eng.pdf |